000 00366nam a2200145Ia 4500
005 20250729165743.0
008 250729s2014 xx 000 0 und d
041 _akan
082 _a530.7 UMEJ
100 _aH.S.Umesh
_9232153
245 _aJiva vijnanan Bhodhane
260 _aMysore
_bShruthi Loka Prakashana
_c2014
300 _a200p
650 _aScience
_9232154
999 _c239640
_d239640